يوسف صديق وجمال عبد الناصر وأنا / (Record no. 29738)
[ view plain ]
| 000 -الفاتح | |
|---|---|
| حقل البيانات ثابتة الطول | 01368nam a22003497a 4500 |
| 003 - محدد رقم الضبط | |
| رقم الضبط | EG-ScBUE |
| 005 - وقت وتاريخ اخر تعامل مع التسجيلة | |
| رقم الضبط | 20220117110807.0 |
| 008 - عناصر البيانات ثابتة الطول - معلومات عامة | |
| حقل البيانات ثابتة الطول | 220117s2000 ua o f b 000 0cara d |
| 017 ## - رقم الإيداع القانونى | |
| رقم الإيداع القانونى | 2000 / 14844 |
| 020 ## - الرقم الدولى المعيارى للكتب | |
| الرقم الدولى المعيارى للكتاب | 9773200507 |
| 040 ## - مصدر الفهرسة | |
| وكالة الفهرسة الأصلية | EG-ScBUE |
| لغة الفهرسة | ara |
| قواعد الوصف | rda |
| وكالة النسخ | EG-ScBUE |
| وكالة التعديل | EG-ScBUE |
| 082 04 - رقم تصنيف ديوى العشرى | |
| رقم التصنيف | 320.092 |
| رقم المادة | ت و ف |
| رقم الطبعة | 22 |
| 100 1# - المدخل الرئيسى - إسم شخصى | |
| الإسم الشخصى | توفيق، علية، |
| التواريخ المصاحبة للاسم | 1914- |
| الدور | مؤلف. |
| 9 (RLIN) | 40942 |
| 245 10 - بيان العنوان | |
| العنوان | يوسف صديق وجمال عبد الناصر وأنا / |
| بيان المسئوليه,etc | علية توفيق. |
| 250 ## - بيان الطبعة | |
| بيان الطبعة | الطبعة الأولى. |
| 264 #1 - النشر، التوزيع | |
| مكان الناشر او الموزع | القاهرة : |
| اسم الناشر او الموزع | مركز الأهرام للترجمة والنشر، |
| تاريخ النشر أو التوزيع | 2000. |
| 300 ## - الوصف المادى | |
| التعداد | 223 صفحة : |
| تفاصيل ماديه اخرى للوعاء | صور ؛ |
| أبعاد الوعاء | 24 سم + |
| المادة المصاحبة | 2 قرص |
| 336 ## - نوع المحتوى | |
| source | rdacontent |
| Carrier Type Term | نص |
| Content Type Code | txt |
| 336 ## - نوع المحتوى | |
| source | rdacontent |
| Carrier Type Term | كلمات ناطقة |
| Content Type Code | spw |
| 337 ## - نوع الوسيط | |
| source | rdamedia |
| Media Type Term | بدون وسيط |
| Media Type Code | n |
| 337 ## - نوع الوسيط | |
| source | rdamedia |
| Media Type Term | صوت |
| Media Type Code | s |
| 338 ## - نوع الحامل أو الناقل | |
| source | rdacarrier |
| Carrier Type Term | مجلد |
| Carrier Type Code | nc |
| 338 ## - نوع الحامل أو الناقل | |
| source | rdacarrier |
| Carrier Type Term | قرص صوتي |
| Carrier Type Code | sd |
| 504 ## - تبصرة ببليوجرافية | |
| تبصرة ببليوجرافية,الخ | يشتمل على إرجاعات ببليوجرافية. |
| 541 ## - تبصرة المصدر المباشر للتزويد | |
| طريقة التزويد | إهداء ؛ |
| مصدر التزويد | د. فريد خميس. |
| 600 17 - المدخل الاضافى بالموضوع-اسم شخصى | |
| الإسم الشخصى | عبد الناصر، جمال، |
| التواريخ المصاحبة للاسم | 1918-1970. |
| مصدر الرأس أو المصطلح | BUEsh |
| 600 17 - المدخل الاضافى بالموضوع-اسم شخصى | |
| الإسم الشخصى | صديق، يوسف، |
| التواريخ المصاحبة للاسم | 1910-1975. |
| مصدر الرأس أو المصطلح | BUEsh |
| 650 #7 - المدخل الاضافى بالموضوع-مصطلح موضوعى | |
| مصطلح موضوعي أو اسم جغرافي كعنصر مدخل | السياسيون المصريون |
| التقسيم الفرعي الشكلي | تراجم. |
| مصدر الرأس أو المصطلح | BUEsh |
| 653 ## - مصطلح تكشيفى غير مقيد | |
| Resource For college | MASTER - Political Science |
| Arrived date list | January2021 |
| 655 ## - مصطلح تكشيفى-نوع/شكل | |
| التقسيم الفرعي الشكلي | Reading book |
| -- | 34232 |
| 942 ## - عناصر المدخل الإضافي( كوها) | |
| مصدر التصنيف او مخطط الترفيف | Dewey Decimal Classification |
| حالة التراجع | حالة الفقد | مصدر التصنيف او خطة الترفيف | حالة تلف | ليس للاعارة | مجموعات كوها | المكان الدائم | المكان الحالي | موقع الترفيف | تاريخ الاكتساب | Source of acquisition | رقم الاستدعاء | الباركود | Date last seen | نوع الوعاء | تبصرة عامة |
|---|---|---|---|---|---|---|---|---|---|---|---|---|---|---|---|
| Dewey Decimal Classification | Donation-Gift | Central Library | Central Library | First floor | 17/01/2022 | Donation | 320.092 ت و ف | 000056080 | 15/07/2025 | NB - Book (Non borrowing) | |||||
| Dewey Decimal Classification | Donation-Gift | Central Library | Central Library | First floor | 17/01/2022 | Donation | 320.092 ت و ف | 000056079 | 24/08/2022 | CD | DVD - With book | المجلد الأول | ||||
| Dewey Decimal Classification | Donation-Gift | Central Library | Central Library | First floor | 17/01/2022 | Donation | 320.092 ت و ف | 000056082 | 24/08/2022 | CD | DVD - With book | المجلد الثاني | ||||
| Dewey Decimal Classification | Donation-Gift | Central Library | Central Library | First floor | 17/01/2022 | Donation | 320.092 ت و ف | 000056081 | 15/07/2025 | NB - Book (Non borrowing) | |||||
| Dewey Decimal Classification | Donation-Gift | Central Library | Central Library | First floor | 17/01/2022 | Donation | 320.092 ت و ف | 000056084 | 24/08/2022 | CD | DVD - With book | المجلد الأول | ||||
| Dewey Decimal Classification | Donation-Gift | Central Library | Central Library | First floor | 17/01/2022 | Donation | 320.092 ت و ف | 000056083 | 24/08/2022 | CD | DVD - With book | المجلد الثاني | ||||
| Dewey Decimal Classification | Donation-Gift | Central Library | Central Library | First floor | 17/01/2022 | Donation | 320.092 ت و ف | 000056086 | 15/07/2025 | Book - Borrowing | |||||
| Dewey Decimal Classification | Donation-Gift | Central Library | Central Library | First floor | 17/01/2022 | Donation | 320.092 ت و ف | 000056085 | 24/08/2022 | CD | DVD - With book | المجلد الأول | ||||
| Dewey Decimal Classification | Donation-Gift | Central Library | Central Library | First floor | 17/01/2022 | Donation | 320.092 ت و ف | 000056088 | 24/08/2022 | CD | DVD - With book | المجلد الثاني | ||||
| Dewey Decimal Classification | Donation-Gift | Central Library | Central Library | First floor | 17/01/2022 | Donation | 320.092 ت و ف | 000056087 | 15/07/2025 | Book - Borrowing | |||||
| Dewey Decimal Classification | Donation-Gift | Central Library | Central Library | First floor | 17/01/2022 | Donation | 320.092 ت و ف | 000056090 | 24/08/2022 | CD | DVD - With book | المجلد الأول | ||||
| Dewey Decimal Classification | Donation-Gift | Central Library | Central Library | First floor | 17/01/2022 | Donation | 320.092 ت و ف | 000056089 | 24/08/2022 | CD | DVD - With book | المجلد الثاني |